|
|
|
|
| LEADER |
00909nam a2200289 4500 |
| 001 |
DLU060054957 |
| 005 |
##20060911 |
| 040 |
# |
# |
|a DLU
|b vie
|
| 041 |
# |
# |
|a vie
|
| 044 |
# |
# |
|a vn
|
| 082 |
# |
# |
|a 330.122
|b Chu
|
| 245 |
# |
# |
|a Chủ nghĩa tư bản ngày nay : Mâu thuẫn nội tại, xu thế, triển vọng =
|b Contemporary capitalism : Inner contracdictions, trends, prospects /
|c Đỗ Lộc Diệp chủ biên
|
| 246 |
# |
# |
|a Contemporary capitalism : Inner contracdictions, trends, prospects
|
| 260 |
# |
# |
|a H. :
|b Khoa học Xã hội,
|c 2003
|
| 300 |
# |
# |
|a 537 tr. ;
|c 21 cm
|
| 504 |
# |
# |
|a Tài liệu tham khảo :tr.529-537
|
| 700 |
# |
# |
|a Đỗ Lộc Diệp,
|c PGS.TS,
|e chủ biên
|
| 923 |
# |
# |
|a 17/2006
|
| 992 |
# |
# |
|a 44.500
|
| 994 |
# |
# |
|a DLU
|
| 900 |
# |
# |
|a True
|
| 911 |
# |
# |
|a Đào Thị Thu Huyền
|
| 925 |
# |
# |
|a G
|
| 926 |
# |
# |
|a A
|
| 927 |
# |
# |
|a SH
|
| 980 |
# |
# |
|a Thư viện Trường Đại học Đà Lạt
|